000
00325 a2200157 4500
001
164480
020
_a
040
_c
Magnum
100
_a
Chamlian, Regina
240
1
0
_a
O boy da via lactea
_l
por
245
1
0
_a
O boy da via lactea
362
0
_a
1899
440
1
_a
Moderna
697
_a
J/CONFLITO/SONHOS
942
_c
BK
999
_c
164480
_d
164480